| 000 | 00787nam a2200241Ia 4500 | ||
|---|---|---|---|
| 003 | GCL | ||
| 008 | 140319s9999 xx 000 0 ara d | ||
| 040 |
_aGCL / _cGCL |
||
| 082 | 0 | 4 |
_a245 _bع ف |
| 100 | 1 | _aعلى عبدالفتاح المغربى | |
| 245 | 1 | 0 |
_aالفرق الكلامية الاسلامية مدخل ودراسة / _cعلى عبدالفتاح المغربى |
| 260 |
_a[S.N] : _bمكتبة وهبة ، _c1995 |
||
| 300 | _a427 ص | ||
| 490 |
_aسلسلة دراسات كلامية, 1 _v0 |
||
| 650 | 0 | 4 | _aالفلسفة الاسلامية |
| 650 | 0 | 4 | _aالخوارج |
| 650 | 0 | 4 | _aالفرق الاسلامية |
| 650 | 0 | 4 | _aالشيعة |
| 650 | 0 | 4 | _aالاشاعرة |
| 650 | 0 | 4 | _aالمعتزلة |
| 650 | 0 | 4 | _aعلم الكلام |
| 942 |
_2ddc _cBK |
||
| 999 |
_c37454 _d37454 |
||